| 000 | 00500nam a22001937a 4500 | ||
|---|---|---|---|
| 003 | MPLRDC | ||
| 005 | 20220104114000.0 | ||
| 008 | 210129b ||||| |||| 00| 0 eng d | ||
| 020 | _a957-593-444-X | ||
| 082 | _a857.62 TLXS v.112 c.2 | ||
| 100 | _a山村美纱 | ||
| 245 |
_a消失於麻六甲海峡 _c杨慧芳译 |
||
| 250 | _a初版 | ||
| 260 |
_a _b林白出版社 _c1994 |
||
| 300 | _b平 | ||
| 490 | _a推理小说系列. 112 | ||
| 650 | _a推理小说 | ||
| 942 |
_cBK _o857.62 TLXS v.112 c.2 |
||
| 999 |
_c3892 _d3882 |
||